[Event "FICGS class F 000193 email"]
[Site "FICGS email"]
[Date "2017.12.22"]
[Round "1"]
[White "Benreguia, Frederic"]
[Black "Pascal, Paco"]
[Result "0-1"]
[WhiteElo "836"]
[BlackElo "1390"]
[PlyCount "34"]
[EventDate "2017.??.??"]
[EventType "tourn (corr)"]
[EventRounds "5"]
[SourceTitle "Corr 2022"]
[Source "ChessBase"]
[SourceDate "2021.10.24"]
[SourceVersion "1"]
[SourceVersionDate "2021.10.24"]
[SourceQuality "1"]

1. b4 e5 2. a3 d5 3. Bb2 Bd6 4. d3 d4 5. c3 Nc6 6. b5 Na5 7. cxd4 exd4 8. Bxd4 Be6 9. Bxg7 Nf6 10. Bxh8 Be5 11. Bxf6 Qxf6 12. Qa4 b6 13. Nf3 Bxa1 14. d4 Bb3 15. Qb4 Qf5 16. e3 Qxb1+ 17. Ke2 Qd1# 0-1

[Event "FICGS class F 000192 email"]
[Site "FICGS email"]
[Date "2017.11.12"]
[Round "1"]
[White "Pascal, Paco"]
[Black "Bromo, Alexis"]
[Result "0-1"]
[WhiteElo "1390"]
[BlackElo "970"]
[PlyCount "70"]
[EventDate "2017.??.??"]
[EventType "tourn (corr)"]
[EventRounds "5"]
[SourceTitle "Corr 2022"]
[Source "ChessBase"]
[SourceDate "2021.10.24"]
[SourceVersion "1"]
[SourceVersionDate "2021.10.24"]
[SourceQuality "1"]

1. e4 e5 2. Nf3 Nc6 3. d4 d6 4. d5 Nce7 5. Nc3 h6 6. Qe2 a6 7. b4 b5 8. a4 Bb7 9. a5 Nf6 10. Nxb5 axb5 11. Qxb5+ Nd7 12. Qxb7 Rb8 13. a6 Rxb7 14. axb7 Nb8 15. Bb5+ c6 16. dxc6 Qc7 17. Ra8 Nexc6 18. Be3 Qxb7 19. Ra5 Nd7 20. 0-0 Nxa5 21. Bxd7+ Kxd7 22. bxa5 Qxe4 23. a6 Qxc2 24. a7 Be7 25. Nd2 Ra8 26. Rb1 Rxa7 27. Bxa7 Qxd2 28. Rb7+ Ke6 29. g3 Qd1+ 30. Kg2 Qd5+ 31. f3 Qxb7 32. Bf2 d5 33. g4 Qb2 34. Kg3 d4 35. h4 Bxh4+ 0-1

[Event "FICGS class D 000191 email"]
[Site "FICGS email"]
[Date "2013.02.28"]
[Round "1"]
[White "Pascal, Paco"]
[Black "Calvello, Simone"]
[Result "0-1"]
[WhiteElo "1535"]
[BlackElo "1529"]
[PlyCount "36"]
[EventDate "2013.??.??"]
[EventType "tourn (corr)"]
[EventRounds "6"]
[SourceTitle "Corr 2022"]
[Source "ChessBase"]
[SourceDate "2021.10.24"]
[SourceVersion "1"]
[SourceVersionDate "2021.10.24"]
[SourceQuality "1"]

1. Nf3 g6 2. e4 Bg7 3. Bc4 d6 4. d3 Nf6 5. Bf4 0-0 6. Nc3 Nbd7 7. Qd2 Nb6 8. 0-0-0 Nxc4 9. dxc4 Be6 10. h3 Bxc4 11. Qe1 c6 12. e5 Nd5 13. Nxd5 Bxd5 14. exd6 exd6 15. Ng5 Qf6 16. Rd4 Qxd4 17. Bxd6 Qxb2+ 18. Kd2 Bc3+ 0-1

[Event "FICGS rapid C 000110 email"]
[Site "FICGS email"]
[Date "2013.02.21"]
[Round "1"]
[White "Calvello, Simone"]
[Black "Pascal, Paco"]
[Result "1-0"]
[WhiteElo "1529"]
[BlackElo "1535"]
[PlyCount "41"]
[EventDate "2013.??.??"]
[EventType "tourn (rapid)"]
[EventRounds "4"]
[SourceTitle "Corr 2022"]
[Source "ChessBase"]
[SourceDate "2021.10.24"]
[SourceVersion "1"]
[SourceVersionDate "2021.10.24"]
[SourceQuality "1"]

1. e4 e5 2. Nf3 d6 3. d4 Nc6 4. dxe5 dxe5 5. Qxd8+ Nxd8 6. Nxe5 Be6 7. Nc3 Bc5 8. Bd3 Nf6 9. 0-0 Bd4 10. Nf3 Ng4 11. Nxd4 0-0 12. Bf4 Nc6 13. Nxc6 bxc6 14. Bxc7 Rfe8 15. f3 Ne3 16. Rfe1 Nxg2 17. Kxg2 a5 18. Rad1 a4 19. Rg1 h5 20. Kf2 Rac8 21. Be5 1-0

[Event "FICGS rapid C 000110 email"]
[Site "FICGS email"]
[Date "2013.02.21"]
[Round "1"]
[White "Pascal, Paco"]
[Black "Dikant, Christophe"]
[Result "0-1"]
[WhiteElo "1535"]
[BlackElo "1640"]
[PlyCount "82"]
[EventDate "2013.??.??"]
[EventType "tourn (rapid)"]
[EventRounds "4"]
[SourceTitle "Corr 2022"]
[Source "ChessBase"]
[SourceDate "2021.10.24"]
[SourceVersion "1"]
[SourceVersionDate "2021.10.24"]
[SourceQuality "1"]

1. Nc3 g6 2. d4 Bg7 3. Nf3 c6 4. Bf4 d6 5. e4 Nd7 6. Bc4 e6 7. Qd2 d5 8. Bb3 Ngf6 9. 0-0-0 0-0 10. Bd6 Re8 11. e5 Ng4 12. h4 h5 13. Ng5 Nh6 14. Qf4 Nf8 15. Bxf8 Rxf8 16. f3 f6 17. Nh3 fxe5 18. Qg3 exd4 19. Rxd4 Bxd4 20. Qxg6+ Bg7 21. Ng5 Rf6 22. Qh7+ Kf8 23. Qd3 Rf5 24. Ne2 a5 25. Qd2 a4 26. Nf4 axb3 27. Nfxe6+ Bxe6 28. Nxe6+ Kg8 29. Nxd8 bxa2 30. Qe2 a1Q+ 31. Kd2 Qa5+ 32. c3 Qxd8 33. Qe6+ Kh8 34. Re1 Qf6 35. Qe3 d4 36. cxd4 Qxd4+ 37. Ke2 Re5 38. Qxe5 Bxe5 39. Rb1 Re8 40. Ke1 Bg3+ 41. Kf1 Qf2# 0-1

[Event "FICGS rapid C 000110 email"]
[Site "FICGS email"]
[Date "2013.02.21"]
[Round "1"]
[White "Wilson, Jaimie"]
[Black "Pascal, Paco"]
[Result "1-0"]
[WhiteElo "1667"]
[BlackElo "1535"]
[PlyCount "47"]
[EventDate "2013.??.??"]
[EventType "tourn (rapid)"]
[EventRounds "4"]
[SourceTitle "Corr 2022"]
[Source "ChessBase"]
[SourceDate "2021.10.24"]
[SourceVersion "1"]
[SourceVersionDate "2021.10.24"]
[SourceQuality "1"]

1. e4 Nc6 2. Nf3 e5 3. d4 Bd6 4. dxe5 Bxe5 5. Bc4 Qf6 6. c3 Nh6 7. 0-0 Ng4 8. h3 d6 9. hxg4 Bxg4 10. Be3 Bh2+ 11. Kxh2 g5 12. Bxg5 Qg6 13. Nbd2 f6 14. Bh4 Qh5 15. Qb3 Ne5 16. Qxb7 Rc8 17. Kg1 Nxc4 18. Qc6+ Bd7 19. Qxc4 Qf7 20. Rfe1 Be6 21. Qd4 0-0 22. Qxa7 Qg7 23. a4 Bh3 24. Bg3 1-0

[Event "FICGS class C 000187 email"]
[Site "FICGS email"]
[Date "2012.02.23"]
[Round "1"]
[White "Pascal, Paco"]
[Black "Valentin, Laurentiu"]
[Result "0-1"]
[WhiteElo "1614"]
[BlackElo "1600"]
[PlyCount "42"]
[EventDate "2012.??.??"]
[EventType "tourn (corr)"]
[EventRounds "4"]
[SourceTitle "Corr 2022"]
[Source "ChessBase"]
[SourceDate "2021.10.24"]
[SourceVersion "1"]
[SourceVersionDate "2021.10.24"]
[SourceQuality "1"]

1. d3 d5 2. e4 e6 3. Nf3 dxe4 4. dxe4 a6 5. Ng5 Qxd1+ 6. Kxd1 h6 7. Nh3 Bc5 8. c3 b5 9. b4 Bb6 10. Nd2 Bb7 11. a4 bxa4 12. Nc4 Ba7 13. Bf4 Bb6 14. Be2 Bxe4 15. f3 Bf5 16. g4 Bg6 17. Ne5 Bh7 18. Kc1 Ne7 19. Rd1 0-0 20. g5 hxg5 21. Nxg5 Bf5 0-1

[Event "FICGS class B 000120 email"]
[Site "FICGS email"]
[Date "2010.08.21"]
[Round "1"]
[White "Germanes, Ramil"]
[Black "Pascal, Paco"]
[Result "1-0"]
[WhiteElo "1800"]
[BlackElo "1800"]
[PlyCount "55"]
[EventDate "2010.??.??"]
[EventType "tourn (corr)"]
[EventRounds "6"]
[SourceTitle "Corr 2013"]
[Source "ChessBase"]
[SourceDate "2012.11.12"]
[SourceVersion "1"]
[SourceVersionDate "2012.11.12"]
[SourceQuality "1"]

1. e4 d6 2. d4 Nf6 3. Nc3 c5 4. dxc5 Nc6 5. cxd6 exd6 6. Nf3 Ng4 7. h3 Nge5 8. Be3 Qa5 9. Nd2 Be6 10. f4 Nd7 11. f5 Bxf5 12. Nc4 Qd8 13. exf5 d5 14. Qxd5 Nb4 15. Qe4+ Be7 16. Nd6+ Kf8 17. Qxb4 Bh4+ 18. Bf2 Qe7+ 19. Be2 b6 20. Bxh4 Qe5 21. Rd1 a5 22. Qc4 Qxd6 23. Rxd6 Ne5 24. Qc7 g6 25. Rd8+ Kg7 26. Qxe5+ f6 27. Qxf6+ Kh6 28. Bg5# 1-0

[Event "FICGS class B 000120 email"]
[Site "FICGS email"]
[Date "2010.08.21"]
[Round "1"]
[White "Stockhammar, Paer"]
[Black "Pascal, Paco"]
[Result "1-0"]
[WhiteElo "1955"]
[BlackElo "1800"]
[PlyCount "31"]
[EventDate "2010.??.??"]
[EventType "tourn (corr)"]
[EventRounds "6"]
[SourceTitle "Corr 2013"]
[Source "ChessBase"]
[SourceDate "2012.11.12"]
[SourceVersion "1"]
[SourceVersionDate "2012.11.12"]
[SourceQuality "1"]

1. f4 d5 2. Nf3 Nc6 3. e3 f6 4. d4 f5 5. c4 e6 6. Nc3 dxc4 7. Bxc4 Na5 8. Qa4+ Nc6 9. Ng5 Bb4 10. Bxe6 a5 11. d5 Qe7 12. dxc6 Ra6 13. cxb7+ Bd7 14. b8Q+ Qd8 15. Qxd8+ Kxd8 16. Qxd7# 1-0